00220 a2200109 4500001000700000020000600007040001100013100000600024240003800030245003300068362000900101160416 a  cMagnum a-10aOs musicos de bremen/edelbralpor10aOs musicos de bremen/edelbra0 a1899